00261nam a2200085Ia 450000100070000000500170000700800410002424500840006526000260014993324420250826214942.0250824s9999 xx 000 0 und d 0aSİZ HİÇ GÜNEŞİ AĞLARKEN GÖRDÜNÜZ MÜcFAHRİ DÖNGELLİ bÇINARALTI YAYINLARI